Loïc Nottet - Mr/Mme [paroles] - Statistiques

Statistiques générales
  • Ce quiz a été pris 282 fois
  • Le résultat moyen est 221 sur 374
Statistiques - réponses
Hint Réponse % Correct
1 "D"
100%
17 je
100%
9 à
99%
3 a
99%
2 ma
99%
3 mon
99%
3 au
98%
3 madame
98%
3 monsieur
98%
7 tout
98%
1 aujourd'hui
97%
1 bonsoir
97%
3 dis
97%
10 le
97%
5 tu
97%
1 "tu"
97%
1 vous
97%
1 "vous"
97%
7 ça
96%
7 en
96%
11 et
95%
3 j'te
95%
12 la
95%
9 me
95%
6 moi
95%
7 pas
95%
4 pour
95%
11 que
95%
1 si
95%
4 vie
95%
1 sa
94%
8 un
94%
4 car
93%
1 n'aime
93%
1 parler
93%
1 petit
93%
1 rester
93%
5 sur
92%
10 alors
91%
2 j'veux
91%
10 sans
91%
8 ce
90%
17 de
90%
1 j'préfère
90%
1 j'trouve
90%
5
90%
2 ou
90%
1 gamin
89%
1 enfer
88%
1 m'en
88%
1 ni
88%
1 cris
87%
7 j'suis
87%
7 monde
87%
1 drame
86%
1 quotidien
86%
1 "fou"
85%
1 j'vis
85%
9 dans
84%
4 loin
84%
2 ne
84%
1
84%
1 voilà
84%
1 aller
82%
3 j'voudrais
82%
8 qui
82%
1 ai
81%
4 est
80%
5 les
80%
2 m'enfuir
80%
1 mouchoirs
80%
3 partir
80%
5 une
80%
1 dit
78%
2 faire
78%
2 n'sais
78%
1 peut
78%
1 vieillit
78%
1 bulle
77%
1 juste
77%
3 qu'un
77%
1 brûle
76%
2 comme
76%
2 jour
76%
6 plus
76%
1 qu'à
76%
1 te
76%
2 fous
75%
3 n'est
75%
2 peu
75%
1 vas-y
75%
2 vivre
75%
3 l'amour
74%
1 l'homme
73%
1 l'Homme
73%
6 mais
73%
1 m'étrangle
73%
3 rien
73%
2 vois
73%
2 Dieu
72%
1 m'empêche
72%
1 transforme
72%
1 transformé
72%
2 ces
71%
2 comment
71%
1 des
71%
4 j'ai
71%
1 lui
71%
1 lutte
71%
1 m'écrase
71%
1 péché
71%
2 qu'une
71%
1 médecins
70%
1 appellent
69%
3 assez
69%
1 bannir
69%
1 brute
69%
1 cher
69%
1 c'que
69%
2 laquelle
69%
1 m'évader
69%
3 planète
69%
3 qu'il
69%
6 c'est
68%
2 encore
68%
1 rêve
68%
1 sentirais
68%
3 seul
68%
1 arrive
67%
1 détruit
67%
1 disputes
67%
2 j'n'y
67%
1 donner
67%
1 du
67%
1 l'suicide
67%
2 on
67%
1 tort
67%
3 laisse-moi
66%
2 même
66%
3 putain
66%
1 aide-moi
65%
1 aime-moi
65%
1 haine
65%
1 il
65%
1 pars
65%
2 peut-être
65%
1 flou
64%
1 ailes
63%
4 chaque
63%
1 dépourvu
63%
1 dise
63%
1 légende
63%
2 nuit
63%
2 qu'on
63%
1 urbaine
63%
2 jeune
62%
1 univers
62%
1 c'monde
61%
1 dis-moi
61%
1 donnerais
61%
1 droit
61%
5 elle
61%
1 j'aime
61%
1 j'y
61%
2 moins
61%
1 morphine
61%
1 nouvel
61%
4 personne
61%
1 poches
61%
1 querelles
61%
2 soir
61%
1 chose
60%
1 création
60%
1 quitter
60%
1 renouveau
60%
1 seule
60%
1 ta
60%
1 verrai
60%
1 courir
59%
1 fort
59%
1 m'écrire
59%
1 moche
59%
1 mômes
59%
1 rêver
59%
1 soit
59%
1 garde
58%
1 radine
57%
1 vilain
57%
2 cette
56%
1 gentil
56%
1 larmes
56%
1 lune
56%
1 payé
56%
1 peines
56%
1 qu'ainsi
56%
3 tes
56%
1 d'rêver
55%
1 refuse
55%
1 con
54%
1 fortune
54%
1 mythe
54%
1 parce
54%
1 perds
54%
1 vrai
54%
2 j'me
53%
1 méchants
53%
1 ont
53%
1 vieux
53%
2 d'un
52%
1 gagnes
52%
2 goût
52%
1 j'quitte
52%
1 laissant
52%
1 main
52%
1 monstres
52%
3 fond
51%
2 avec
50%
1 enfants
50%
1 l'addition
50%
1 l'enfer
50%
1 mes
50%
1 sens
50%
1 sévère
50%
1 chaînes
49%
1 nombres
49%
1 suis
49%
3 besoin
48%
1 j'en
48%
2 j'l'avoue
48%
1 l'espoir
48%
1 lumière
48%
1 mendiant
48%
1 note
48%
4 quand
48%
1 seraient
48%
1 son
48%
1 tête
48%
1 d'parents
47%
1 gueule
47%
1 rend
47%
1 bois
46%
1 éteint
46%
1 j'galère
46%
1 j'implore
46%
1 lendemain
46%
1 malheur
46%
1 merci
46%
1 mois
46%
1 partager
46%
1 succès
46%
1 tient
46%
1 tronche
46%
1 d'amertume
45%
1 oublier
45%
2 vis
45%
2 bonheur
44%
1 chemin
44%
2 cœur
44%
1 cons
44%
1 d'amis
44%
1 gloire
44%
1 guide
44%
1 j'l'assume
44%
1 j'rends
44%
1 l'bordel
44%
1 maman
44%
1 m'éclaire
44%
1 posées
44%
1 qu'au
44%
1 sale
44%
1 sincère
44%
1 sous
44%
2 ton
44%
1 d'questions
43%
1 pourrais
43%
1 toi
43%
1 toutes
43%
1 certes
42%
1 j'espère
42%
1 mendie
42%
1 semble
42%
1 vaincu
42%
1 certains
41%
1 clair
41%
1 fin
41%
1 manque
41%
1 m'attend
41%
1 m'avoue
41%
1 pessimiste
41%
1 tripes
41%
1 vide
41%
1 enfermé
40%
1 perdu
40%
1 conte
39%
1 donnes
39%
1 fois
39%
1 grande
39%
1 hurler
39%
1 j'abuse
39%
1 j'marche
39%
1 jouera
39%
1 là-bas
39%
1 malheureux
39%
1 puisque
39%
1 ambition
38%
1 bouffons
38%
1 diront
38%
1 gerber
38%
1 toujours
38%
2 bouffer
37%
1 douleurs
37%
1 entends-moi
37%
1 génération
37%
1 m'bouffe
37%
1 n'me
37%
1 satisfaire
37%
1 vraiment
37%
1 d'tour
36%
1 emmerde
36%
1 non
36%
1 n'peut
36%
1 retour
36%
1 solitude
36%
1 trouver
36%
1 chante
35%
1 débarque
35%
1 d'ennemis
35%
1 d'une
35%
1 dure
35%
1 es-tu
35%
1 j'accélère
35%
1 j'les
35%
1 leurre
35%
1 sais-tu
35%
1 saveur
35%
1 scène
35%
1 vient
35%
1 vite
35%
1 amère
34%
1 brisé
34%
1 frapper
34%
1 heures
34%
1 oublies
34%
1 quatre
34%
1 calme
33%
1 grâce
33%
1 morveux
33%
1 n'attend
33%
1 plein
33%
1 sont
33%
1 menteurs
32%
1 ris
32%
1 danse
31%
1 entre
31%
1 remplie
31%
1 coups
30%
1 d'être
30%
1 d'sorties
30%
1 ouvres
30%
1 pourtant
30%
1 qu'tu
30%
1 d'l'appeler
29%
1 l'âme-sœur
29%
1 l'impression
29%
1 sachez
29%
1 soulé
29%
1 d'abord
28%
1 d'cons
28%
1 lourd
28%
1 d'm'aimer
27%
1 d'blues
25%
1 plante
25%
1 qu'j'exagère
25%
1 j'écris
24%
Aucun quiz correspondant
Distribution des résultats
% des personnes avec chaque résultat
Percentile par nombre de réponses
Votre historique - résultats
Vous n’avez pas pris ce quiz